|
|
|
|
| LEADER |
00000nab a2200000 4500 |
| 001 |
vtls012243056 |
| 003 |
SK-MaSNL |
| 005 |
20260318124242.0 |
| 008 |
231030c2022 xo er|n || ||00 c0ukr |
| 015 |
|
|
|a SNBRB2023/10
|
| 038 |
|
|
|a SVKPOCL
|
| 040 |
|
|
|a SVKPOCL
|b slo
|c SVKPOCL
|e rda
|
| 041 |
0 |
|
|a ukr
|
| 043 |
|
|
|a e-xo ---
|
| 044 |
|
|
|a xo
|c SK
|
| 072 |
|
7 |
|a 316.7
|x Sociológia kultúry. Kultúrny život
|2 konspekt
|
| 080 |
|
|
|a 821.161.2(091)"19/20"
|2 2011
|
| 080 |
|
|
|a (437.6)
|2 2011
|
| 080 |
|
|
|a 821.161.2-055.1
|2 2011
|
| 080 |
|
|
|a 316.7-051
|2 2011
|
| 110 |
2 |
|
|a Redakcia novín Nove žyttja
|4 aut
|9 837994
|
| 245 |
0 |
0 |
|a Ivan Prokipčak - hromads'kyj dijač (6.01.1917-26.02.1991)
|c [autor] Redakcia.
|
| 336 |
|
|
|a text
|b txt
|2 rdacontent
|
| 337 |
|
|
|a bez média
|b n
|2 rdamedia
|
| 338 |
|
|
|a zväzok
|b nc
|2 rdacarrier
|
| 500 |
|
|
|a V rubrike Dijal'nist' našoho Sojuzu
|
| 600 |
1 |
7 |
|a Prokipčák, Ivan,
|d 1917-1991
|2 SNKMA
|9 144877
|
| 650 |
0 |
7 |
|a ukrajinskí spisovatelia
|2 SNKPH
|9 66678
|
| 650 |
0 |
7 |
|a kultúrno-osvetoví pracovníci
|2 SNKPH
|9 85340
|
| 651 |
|
7 |
|a Slovensko
|2 SNKPHgeo
|9 14231
|
| 651 |
|
7 |
|a Kobylnice (Slovensko)
|2 SNKPHgeo
|9 36239
|
| 773 |
0 |
|
|t Nove žyttja
|g Roč. 72, č. 1 (2022), s. 2
|
| 787 |
0 |
8 |
|i Poznámky k:
|a Roman, Michal, 1930-
|t Spomíname na Ivana Prokipčáka (06.01.1917-26.02.1991)
|g In: Nove žyttja. - Roč. 71, č. 4 (2021), s. 4
|
| 852 |
|
|
|a SVKPO
|b KIS3GCP
|
| 958 |
|
|
|a SS
|
| 958 |
|
|
|a LX
|
| 958 |
|
|
|a NM
|
| 958 |
|
|
|a BX
|
| 999 |
|
|
|c 2678956
|d 2680886
|